00568nam a22001697a 4500020001800000040000900018082001700027100003200044110004800076245003600124250001600160260004200176650004300218942001200261999001900273952010600292 a9788177588873 cNUST a621.3815 BOG aBogart, Theodore F. 983343 aBeasley, Jeffrey S. Rico, Guillermo 998770 aElectronic Devices and Circuits a6th Edirion aNew Delhi:bPearson Education,c2009. aElectronic Devices and Circuits956104 2ddccBK c594733d594733 00102ddc4070aCEMEbCEMEcGENd2023-05-15l0o621.3815 BOGpCEME-45916r2023-05-15w2023-05-15yBK